SÜTERMAN NASIL KAHRAMAN OLDUM (Record no. 1037075)

MARC details
000 -LEADER
sabit uzunluktaki kontrol alanı 00258nam a2200097Ia 4500
001 - KONTROL NUMARASI
kontrol alanı 1037075
005 - EN SON İŞLEMİN TARİH VE ZAMANI
kontrol alanı 20250826231817.0
008 - SABİT-UZUNLUKTA VERİ ÖĞELERİ--GENEL BİLGİ
sabit uzunluktaki kontrol alanı 250824s9999 xx 000 0 und d
245 #0 - ESER / YAZAR
ESER ADI SÜTERMAN NASIL KAHRAMAN OLDUM
Yazar Adı EMRE BÜLBÜL
260 ## - YAYIN, DAĞITIM, VB.
YAYIN EVİ İNDİGO YAYINLARI
Holdings
Düşüm durumu Kayıp durumu Hasar Durumu Ödünç verilmez Ana kütüphane Geçerli Kütüphane Edinilen tarih Toplam ödünç verme sayısı Barkod Son görüntüleme tarihi Fiyatın geçerli olmaya başladığı tarih Koha materyal türü
        YUKARI PINARBAŞI İLK VE ORTAOKULU YUKARI PINARBAŞI İLK VE ORTAOKULU 24.08.2025   10694024 26.08.2025 26.08.2025 Books